=LDR 00000nam 2200000 4500 =001 INLIS000000000043958 =005 20131008104021 =008 ***********************************ind** =035 ##$$0010-101300000001880 =041 ##$$a ind =082 ##$$a 495.6 =090 ##$$a 495.6, Gak j =100 ##$$a Gakken =245 ##$$a Japanese for to day, Gakken, alih bahasa Patricia Ambarwati =260 ##$$a 2004 $b Jakarta =300 ##$$a vi, 399 hlm, ilus, 25 cm =650 ##$$a Bahasa Jepang Tulisan =850 ##$$a NBPNMAT